UBT Library

ROAD TRIPS HEAD TRIPS (Record no. 58753)

000 -LEADER
fixed length control field 00322nam a22001457a 4500
008 - FIXED-LENGTH DATA ELEMENTS--GENERAL INFORMATION
fixed length control field 221104b ||||| |||| 00| 0 eng d
020 ## - INTERNATIONAL STANDARD BOOK NUMBER
International Standard Book Number 0871137224
041 ## - LANGUAGE CODE
Language code of text/sound track or separate title eng
080 ## - UNIVERSAL DECIMAL CLASSIFICATION NUMBER
Universal Decimal Classification number 530.14
082 ## - DEWEY DECIMAL CLASSIFICATION NUMBER
Classification number 530.14 LIN
100 ## - Rafti
Rafti 24.1
101 ## - Shkurtesa
Shkurtesa KAPI
245 ## - TITLE STATEMENT
Title ROAD TRIPS HEAD TRIPS
Statement of responsibility, etc LINDAMOOD J
942 ## - ADDED ENTRY ELEMENTS (KOHA)
Source of classification or shelving scheme
Item type Books
Holdings
Withdrawn status Lost status Source of classification or shelving scheme Damaged status Not for loan Collection code Permanent location Current location Date acquired Total Checkouts Full call number Barcode Date last seen Price effective from Koha item type
          Koleksioni i përgjithshem UBT - Lipjan UBT - Lipjan 11/04/2022   530.14 LIN 002-800028700260455 11/04/2022 11/04/2022 Books
UBT Library © 2015-2024. All rights reserved University Education for Business and Technology